| 000 | 01384nam a22002297a 4500 | ||
|---|---|---|---|
| 999 |
_c63697 _d63697 |
||
| 003 | Ge_BSU | ||
| 005 | 20251210211302.0 | ||
| 008 | 251210s2023 ge ||||| |||| 00| 0 geo d | ||
| 020 | _a9789941980268 | ||
| 041 | _ageo | ||
| 080 | _a94(479.221-21) : 726:27-523.41(479.22) ჟ-67 | ||
| 100 |
_aჟვანია, ლევან _95193 |
||
| 245 |
_aფრაგმენტები ბოლნისის ისტორიიდან / _cლევან ჟვანია; რედაქტორი იზა ჭიკაიძე; საქართველოს პარლამენტის ეროვნული ბიბლიოთეკა |
||
| 264 |
_aთბილისი : _bსაქართველოს პარლამენტის ეროვნული ბიბლიოთეკა, _c 2023. |
||
| 300 |
_a56 გვ. : _bილ. ; _c15 სმ. |
||
| 504 | _aბიბლიოგრაფია: გვ. 54. | ||
| 653 | _aბოლნისის ისტორია | ||
| 653 | _aქართული საეკლესიო არქიტექტურა | ||
| 700 |
_aჭიკაიძე, იზა _eრედაქტორი _926449 |
||
| 710 |
_aსაქართველოს პარლამენტის ეროვნული ბიბლიოთეკა. _926450 |
||
| 942 |
_2udc _cᲬᲘᲒᲜᲘ |
||